000 00252nam a2200097Ia 4500
001 701513
005 20250826162314.0
008 250824s9999 xx 000 0 und d
245 0 _aSON MÜHÜR
_cDALAL AL-ALAMİ
260 _bSELÇUKLU BELEDİYESİ YAYINLARI
999 _c701513
_d701513